Development and Manufacturing of Dynamometer for Measuring Lathe Cutting Tool Parameters (Record no. 58537)

MARC details
000 -LEADER
fixed length control field 00440nam a2200157Ia 4500
100 ## - MAIN ENTRY--AUTHOR NAME
Personal name 09ME71
100 ## - MAIN ENTRY--AUTHOR NAME
Personal name Asghar Ali Solangi
245 #0 - TITLE STATEMENT
Title Development and Manufacturing of Dynamometer for Measuring Lathe Cutting Tool Parameters
260 ## - PUBLICATION, DISTRIBUTION, ETC. (IMPRINT)
Place of publication Nawabshah
260 ## - PUBLICATION, DISTRIBUTION, ETC. (IMPRINT)
Name of publisher QUEST
260 ## - PUBLICATION, DISTRIBUTION, ETC. (IMPRINT)
Year of publication 2009
300 ## - PHYSICAL DESCRIPTION
Number of Pages 65
700 ## - ADDED ENTRY--PERSONAL NAME
Personal name Department of Mechanical Engineering
Holdings
Withdrawn status Lost status Home library Current library Date acquired Accession Number Koha item type
    Central Library, QUEST, Nawabshah Research Section 25/04/2018 MEP/23-289 Thesis and Dissertation